Rangeland tenure transfer : (Record no. 4528)

MARC details
000 -LEADER
fixed length control field 00508nam a2200145 4500
001 - CONTROL NUMBER
control field 5393
005 - DATE AND TIME OF LATEST TRANSACTION
control field 20181127175437.0
020 ## - INTERNATIONAL STANDARD BOOK NUMBER
International Standard Book Number 9789993614715
Terms of availability
Canceled/invalid ISBN
090 00 - LOCALLY ASSIGNED LC-TYPE CALL NUMBER (OCLC); LOCAL CALL NUMBER (RLIN)
Classification number (OCLC) (R) ; Classification number, CALL (RLIN) (NR) 343.54 D699r 2013
245 00 - TITLE STATEMENT
Title Rangeland tenure transfer :
Remainder of title an analysis of policy and legal issues in Bhutan /
Statement of responsibility, etc. Lyonpo Dr. Kinzang Dorji.
Medium
260 00 - PUBLICATION, DISTRIBUTION, ETC.
Place of publication, distribution, etc. Thimphu :
Name of publisher, distributor, etc. The Centre for Bhutan Studies & GNH Research,
Date of publication, distribution, etc. 2013.
300 00 - PHYSICAL DESCRIPTION
Extent 106 p. ; 25 cm.
650 00 - SUBJECT ADDED ENTRY--TOPICAL TERM
Topical term or geographic name entry element Land tenure--Law and legislation --Bhutan.
General subdivision
Holdings
Withdrawn status Lost status Source of classification or shelving scheme Damaged status Not for loan Collection code Home library Current library Shelving location Date acquired Serial Enumeration / chronology Inventory number Total Checkouts Full call number Barcode Date last seen Date last checked out Price effective from Koha item type
    Dewey Decimal Classification     Main TEST RTC Library RTC Library Main opac 06/06/2025 8729 1 343.54 DOR 30009722 19/06/2025 06/06/2025 27/11/2018 Main
    Dewey Decimal Classification     RCSC Books RTC Library RTC Library RCSC Books 27/02/2021 14814     343.54 DOR 30014115 27/02/2021   27/02/2021 RCSC
Royal Thimphu College || All Right Reserved